Belgische steden per foto - Statistieken

Algemene statistieken
  • Deze quiz is 195 keer genomen
  • De gemiddelde score is 6 van 12
Antwoordstatistieken
Foto Antwoord % Correct
Oostende
90%
Gent
71%
Leuven
69%
Luik
69%
Dinant
63%
Mechelen
63%
Lier
50%
Kortrijk
45%
Brussel
35%
Doornik
18%
Sint-Truiden
13%
Louvain-La-Neuve
10%
Geen overeenkomende quizzen gevonden
Scoreverdeling
Procent van Mensen met Elke Score
Percentiel versus Aantal Correcte Antwoorden
Uw Scoregeschiedenis
U heeft deze quiz nog niet genomen